[Event "Zhongshan zt 3.5"]
[Site "Zhongshan"]
[Date "2014.10.30"]
[Round "5"]
[White "Chen, Qi B"]
[Black "Yu, Xiangbo"]
[Result "0-1"]
[WhiteElo "1925"]
[BlackElo "2149"]
[PlyCount "130"]
[EventDate "2014.10.26"]
[EventType "swiss"]
[EventRounds "11"]
[EventCountry "CHN"]
[SourceTitle "EXT 2015"]
[Source "ChessBase"]
[SourceDate "2014.11.20"]
[SourceVersion "1"]
[SourceVersionDate "2014.11.20"]
[SourceQuality "1"]

1. e4 e5 2. Nf3 Nc6 3. Bb5 a6 4. Bxc6 dxc6 5. 0-0 Qd6 6. d4 exd4 7. Nxd4 c5 8. Nb3 Be6 9. Qe2 0-0-0 10. Nc3 Qc6 11. Bg5 Re8 12. Be3 Nf6 13. f3 Nd7 14. Rab1 g6 15. Na5 Qb6 16. Nb3 Qc6 17. Na5 Qb6 18. Nb3 Bg7 19. Qf2 Qc6 20. Na5 Qd6 21. Rfd1 Qe7 22. Re1 b6 23. Nb3 Ne5 24. Qe2 Bc4 25. Qf2 Rd8 26. Rbd1 Rxd1 27. Rxd1 Rd8 28. Nd2 Be6 29. a3 Nc6 30. Ndb1 Nd4 31. Re1 Kb7 32. f4 h5 33. a4 Bd7 34. a5 Bc6 35. axb6 cxb6 36. e5 Nf5 37. Nd2 f6 38. Nc4 fxe5 39. fxe5 Qe6 40. b3 Bb5 41. Nxb5 axb5 42. Qf3+ Qc6 43. Nd6+ Nxd6 44. exd6 Qxf3 45. gxf3 Re8 46. Kf2 Kc6 47. Rd1 Be5 48. d7 Rd8 49. Rg1 Kxd7 50. Rxg6 Bxh2 51. Rxb6 Rg8 52. Rh6 Bg1+ 53. Ke2 Re8 54. Rxh5 Bxe3 55. Kd3 Kc6 56. Rh4 Bd4 57. Rh6+ Kd7 58. Rh7+ Kd6 59. Rh6+ Re6 60. Rxe6+ Kxe6 61. b4 Kd5 62. bxc5 Bxc5 63. f4 Bd6 64. Kc3 Bxf4 65. Kb4 Kc6 0-1

[Event "Zhongshan zt 3.5"]
[Site "Zhongshan"]
[Date "2014.10.29"]
[Round "4"]
[White "Yu, Xiangbo"]
[Black "Shen, Chenyi"]
[Result "1/2-1/2"]
[WhiteElo "2149"]
[BlackElo "2066"]
[PlyCount "76"]
[EventDate "2014.10.26"]
[EventType "swiss"]
[EventRounds "11"]
[EventCountry "CHN"]
[SourceTitle "EXT 2015"]
[Source "ChessBase"]
[SourceDate "2014.11.20"]
[SourceVersion "1"]
[SourceVersionDate "2014.11.20"]
[SourceQuality "1"]

1. d4 e6 2. c4 Nf6 3. Nf3 b6 4. g3 Bb7 5. Bg2 Be7 6. 0-0 0-0 7. Nbd2 c5 8. dxc5 bxc5 9. b3 d6 10. Bb2 Nc6 11. Rc1 Qc7 12. Qc2 e5 13. e3 Nd7 14. Ne1 a5 15. Ne4 a4 16. Nc3 axb3 17. axb3 Nb4 18. Nb5 Qb6 19. Qd1 Bxg2 20. Kxg2 d5 21. Ba3 Nf6 22. Bxb4 cxb4 23. Nf3 dxc4 24. bxc4 Rfd8 25. Qe2 Nd7 26. Rb1 f6 27. Nc3 Qe6 28. Nd5 Rab8 29. Rb3 Nb6 30. e4 Rdc8 31. Nd2 Nxd5 32. cxd5 Qb6 33. Qd3 Bc5 34. Nc4 Qb5 35. Nb2 Qa5 36. Nc4 Qb5 37. Nb2 Qa5 38. Nc4 Qb5 1/2-1/2